Подробности
| 000 -МАРКЕР |
| контрольное поле |
02518nam2a2200301 4500 |
| 001 - ИДЕНТИФИКАТОР ЗАПИСИ |
| контрольное поле |
RU\NLR\BIBL_A\011966795 |
| 005 - ИДЕНТИФИКАТОР ВЕРСИИ |
| контрольное поле |
20190411132203.0 |
| 010 ## - МЕЖДУНАРОДНЫЙ СТАНДАРТНЫЙ НОМЕР КНИГИ (ISBN) |
| Номер (ISBN) |
978-5-87953-502-0 |
| Тираж |
100 |
| 021 ## - НОМЕР ГОСУДАРСТВЕННОЙ РЕГИСТРАЦИИ |
| Код страны |
Российская Федерация |
| Номер |
КН-П-19-012638 |
| Номер Листа государственной регистраци |
КН-П-19-0938 |
| 035 ## - ДРУГИЕ СИСТЕМНЫЕ НОМЕРА |
| Идентификатор записи |
(NLR Aleph) 011966795 |
| 035 ## - ДРУГИЕ СИСТЕМНЫЕ НОМЕРА |
| Идентификатор записи |
(RuMoRGB)009900173 |
| 100 ## - ДАННЫЕ ОБЩЕЙ ОБРАБОТКИ |
| Данные общей обработки |
20190321d2018 u y0rusy50 ca |
| 101 0# - ЯЗЫК РЕСУРСА |
| Язык текста, звукозаписи и т.д. |
русский |
| 102 ## - СТРАНА ПУБЛИКАЦИИ ИЛИ ПРОИЗВОДСТВА |
| Страна публикации |
Российская Федерация |
| 105 ## - ПОЛЕ КОДИРОВАННЫХ ДАННЫХ: ТЕКСТОВЫЕ МАТЕРИАЛЫ, МОНОГРАФИЧЕСКИЕ |
| Кодированные данные о монографическом текстовом документе |
y z 000ay |
| 200 0# - ЗАГЛАВИЕ И СВЕДЕНИЯ ОБ ОТВЕТСТВЕННОСТИ |
| Основное заглавие |
2018, вып. 13 |
| Сведения, относящиеся к заглавию |
[сборник произведений участников конкурса "Быть там, где нужны опыт, участие и бескорыстие человека" и членов литературного объединения "Марьинская муза" Управы района Марьино города Москвы] |
| Первые сведения об ответственности |
Литературное объединение "Марьинская муза" |
| 210 ## - ПУБЛИКАЦИЯ, РАСПРОСТРАНЕНИЕ И ДР. |
| Место издания, распространения и т.д. |
Москва |
| Имя издателя, распространителя и т. д. |
Народное образование |
| Дата издания, распространения и т.д. |
2018 |
| 215 ## - ФИЗИЧЕСКАЯ ХАРАКТЕРИСТИКА |
| Специфическое обозначение материала и объем |
270, [1] с. |
| 327 0# - ПРИМЕЧАНИЯ О СОДЕРЖАНИИ |
| Текст примечания |
Содерж.: авт.: Елизавета Коздоба, Владимир Шаповал, Михаил Баклашов, Гертруда Арутюнова, Любовь Запекина, Владимир Шилин, Светлана Корчагина, Татьяна Корзо, Ирина Косилова, Александр Кочетков [и др.] |
| 461 #0 - УРОВЕНЬ НАБОРА |
| Встроенное поле |
001RU\NLR\bibl\1300403 |
| -- |
2001#$aМарьинская муза$eсборник произведений участников литературного объединения "Марьинская муза" Управы района Марьино города Москвы$v2018, вып. 13 |
| Системный номер (АБИС) связанной записи |
529077 |
| Место публикации |
Москва |
| Дата публикации |
2007 |
| Имя издателя, распространителя и т.д. |
Общество дружбы и развития сотрудничества с зарубежными странами |
| Сведения, относящиеся к заглавию |
сборник произведений участников литературного объединения "Марьинская муза" Управы района Марьино города Москвы |
| Заглавие |
Марьинская муза |
| Номер тома |
2018, вып. 13 |
| 711 12 - НАИМЕНОВАНИЕ ОРГАНИЗАЦИИ - АЛЬТЕРНАТИВНАЯ ОТВЕТСТВЕННОСТЬ |
| Начальный элемент ввода |
"Быть там, где нужны опыт, участие и бескорыстие человека", литературный конкурс |
| Место проведения временной организации |
Москва |
| Дата проведения временной организации |
2018 |
| Системный номер авторитетной/нормативной записи |
656828 |
| Идентификатор авторитетной/нормативной записи |
RU\NLR\AUTH\880498524 |
| 852 ## - МЕСТОНАХОЖДЕНИЕ И ШИФР ХРАНЕНИЯ |
| Идентификатор организации |
NLR |
| Шифр хранения (Call Number) |
2008-3/23176 |
| 942 ## - ДОПОЛНИТЕЛЬНЫЕ ЭЛЕМЕНТЫ ЗАПИСИ (АБИС) |
| Тип экземпляра АБИС |
Книга |
| 980 ## - КОЛЛЕКЦИЯ |
| Название коллекции |
Национальная библиография |